Antropología filosófica
Guardat en:
| Autor principal: | |
|---|---|
| Format: | Llibre |
| Idioma: | espanyol |
| Publicat: |
Buenos Aires
Losada
1951
|
| Col·lecció: | Biblioteca Filosófica
|
| Matèries: | |
| Etiquetes: |
Afegir etiqueta
Sense etiquetes, Sigues el primer a etiquetar aquest registre!
|
MARC
| LEADER | 00000cam a2200000 a 4500 | ||
|---|---|---|---|
| 001 | UCZ2582 | ||
| 003 | CL-VaPUC | ||
| 008 | 951005e19510000AG |||||||||||||||||spa|d | ||
| 082 | 0 | 4 | |a 128 |b GRO |2 21 |
| 100 | |a Groethuysen, Bernhard |e author |9 346361 | ||
| 245 | 1 | 0 | |a Antropología filosófica |
| 300 | |a 387 p | ||
| 942 | |c BK | ||
| 945 | |d 19951005 00:00:00 |a cmena | ||
| 260 | |a Buenos Aires |b Losada |c 1951 | ||
| 600 | 0 | 7 | |a PLATON |2 CL-VaPUC |9 222 |
| 600 | 0 | |a Aristóteles, |d 384 a.C.- 322 a.C. |9 194 | |
| 600 | 0 | 7 | |a PLOTINO |2 CL-VaPUC |9 266516 |
| 600 | 0 | |a San Agustín de Hipona |x Teólogo y filósofo cristiano |9 311590 | |
| 650 | 0 | |a Antropología |9 233030 | |
| 650 | 0 | |a Filosofía |9 223554 | |
| 650 | 7 | |a HOMBRE |2 CL-VaPUC |9 262149 | |
| 650 | 0 | |a Naturaleza humana |9 308593 | |
| 583 | |a last modification |c 20150713 12:57:05 |k Rodrigo Vera | ||
| 490 | 0 | |a Biblioteca Filosófica | |
| 999 | |c 239153 |d 239151 | ||
| 952 | |0 0 |1 0 |4 0 |6 128_000000000000000_GRO_1951 |7 0 |8 P |9 250013 |a BIBEDU |b BIBEDU |d 2019-11-18 |i 1568434 |o 128 GRO 1951 |p 1568434 |r 2024-01-25 |w 2019-11-18 |y BK |k FIL | ||
| 952 | |0 0 |1 0 |4 0 |6 128_000000000000000_GRO_1951 |7 0 |8 P |9 250014 |a BIBEDU |b BIBEDU |c BIBEDU_PB |d 2019-11-18 |i 3129810 |l 1 |o 128 GRO 1951 |p 3129810 |r 2024-03-12 |s 2024-03-11 |w 2019-11-18 |y BK |k FIL | ||
| 952 | |0 0 |1 0 |3 erd |4 0 |6 128_000000000000000_GRO_1951 |7 0 |8 P |9 250015 |a BIBTEO |b BIBTES |c TEO_FTES |e Villagrán Garnham, Jorge |i 5186005 |o 128 GRO 1951 |p 5186005 |r 2024-01-18 |w 2019-11-18 |y BK |z Catalogado en:20150728 |k ICR | ||